000 00974cam a22003011a 4500
001 12415
003 BD-RjUL
005 20211208235305.0
008 140128r19711966enka b 000 0 eng d
020 _a0713124261 (ELBS ed., Low price ed.)
020 _a0713120827 (Board ed.)
035 _a(BD-RjUL)12464
040 _aLC
_beng
_cLC
_dXNTU
_dBD-RjUL
041 _aeng
082 0 4 _a591.51
_bCAS 1971
100 1 _aCarthy, J. D.,
_q(John D.),
_d1923-
_938574
245 1 4 _aThe study of behaviour /
_cby J.D. Carthy.
250 _aELBS ed., Low Priced ed.
260 _aLondon :
_bEdward Arnold ;
_bELBS;
_c1966 [reprinted 1971, 1975].
300 _a57 p. :
_billus.
_c22 cm.
490 1 _aInstitute of Biology. Studies in biology, ;
_vno. 3
504 _aIncludes bibliographies.
650 0 _aAnimal behavior.
_95684
830 0 _aInstitute of Biology's studies in biology ;
_vno. 3.
_9219038
942 _2ddc
_cBK
999 _c12415
_d12415